Top 3 Largest Cities by Letter According to Citypopulation - Statistics

General Stats
  • This quiz has been taken 206 times
    64 since last reset
  • The average score is 48 of 78
Answer Stats
Letter City % Correct
N New York
96%
B Beijing
95%
L Los Angeles
95%
D Delhi
93%
M Mexico City
93%
P Paris
93%
T Tokyo
93%
L Lagos
91%
C Cairo
89%
S Sao Paulo
89%
J Jakarta
88%
L London
88%
M Mumbai
88%
R Rio de Janeiro
88%
B Buenos Aires
86%
G Guangzhou
86%
I Istanbul
86%
S Shanghai
86%
X Xi'an
84%
B Bangkok
82%
K Kolkata
82%
O Osaka
82%
W Washington
82%
J Johannesburg
79%
K Kinshasa
79%
M Manila
79%
S Seoul
79%
Q Quito
77%
W Wuhan
77%
D Dhaka
75%
H Ho Chi Minh City
75%
C Chennai
70%
V Vancouver
70%
K Karachi
68%
C Chengdu
67%
T Tehran
67%
X Xiamen
67%
D Dallas
65%
R Riyadh
65%
G Guadalajara
63%
P Philadelphia
63%
U Ulaanbaatar
61%
A Abidjan
60%
A Ahmedabad
60%
E Edmonton
60%
H Hangzhou
58%
H Hyderabad
58%
N Nagoya
58%
Y Yaounde
58%
T Tianjin
56%
A Accra
54%
O Orlando
54%
F Fuzhou
53%
N Nanjing
53%
Q Qingdao
53%
F Fortaleza
51%
U Urumqi
49%
Y Yangon
49%
P Pune
46%
O Ouagadougou
44%
Z Zhengzhou
44%
J Jinan
39%
I Isfahan
32%
E Erbil
30%
U Ufa
30%
W Wenzhou
30%
F Faisalabad
28%
I Indore
28%
Z Zibo
26%
Q Querétaro
25%
R Rawalpindi
19%
X Xuzhou
18%
V Vadodara
16%
G Guiyang
14%
Z Zhuhai
12%
E Ezhou
11%
V Visakhapatnam
9%
Y Yiwu
9%
No matching quizzes found
Score Distribution
Percent of People with Each Score
Percentile by Number Answered
Your Score History
You have not taken this quiz since the last reset